Encuesta nacional de mocronutrientes en la población escolar de la República Dominicana ENM - 2012 (Record no. 8086)
[ view plain ]
| 000 -LEADER | |
|---|---|
| campo de control de longitud fija | 00496nam a2200157Ia 4500 |
| 001 - NÚMERO DE CONTROL | |
| campo de control | 4288 |
| 008 - DATOS DE LONGITUD FIJA--INFORMACIÓN GENERAL | |
| campo de control de longitud fija | 241024s9999 xx 000 0 und d |
| 082 ## - NÚMERO DE LA CLASIFICACIÓN DECIMAL DEWEY | |
| Número de clasificación | RD/613.07/R426e/2013 |
| 100 ## - ENTRADA PRINCIPAL--NOMBRE DE PERSONA | |
| Nombre de persona | República Dominicana. Ministerio de Educación. INABIE |
| 245 #0 - MENCIÓN DEL TÍTULO | |
| Título | Encuesta nacional de mocronutrientes en la población escolar de la República Dominicana ENM - 2012 |
| 260 ## - PUBLICACIÓN, DISTRIBUCIÓN, ETC. | |
| Nombre del editor, distribuidor, etc. | Santo Domingo |
| Fecha de publicación, distribución, etc. | 2013 |
| 500 ## - NOTA GENERAL | |
| Nota general | dos ejemplares |
| 590 ## - NOTA LOCAL (RLIN) | |
| Nota local | si |
| 901 ## - ELEMENTOS DE DATOS A LOCAL LDA (RLIN) | |
| a | 26/8/2016 2:24:16 p.m. |
No items available.